[Event "IECG TE.2000.P.00402 email"]
[Site "IECG email"]
[Date "2000.07.15"]
[Round "?"]
[White "Schneider, Peter"]
[Black "Marshall, Mryn"]
[Result "1-0"]
[WhiteElo "2059"]
[BlackElo "735"]
[PlyCount "41"]
[EventDate "2000.07.15"]
[EventType "tourn (corr)"]
[EventRounds "12"]
[SourceTitle "Corr 2008"]
[Source "ChessBase"]
[SourceDate "2008.06.24"]
[SourceVersion "1"]
[SourceVersionDate "2008.06.24"]
[SourceQuality "1"]

1. e4 e5 2. Nf3 Nc6 3. Bc4 Nf6 4. Ng5 Bc5 5. Nxf7 Ke7 6. Nxd8 Kxd8 7. d3 d6 8. Bg5 Bxf2+ 9. Kxf2 Rf8 10. Rf1 h6 11. Bxf6+ Rxf6+ 12. Kg1 Rf4 13. Rxf4 exf4 14. Qf3 Nd4 15. Qf2 c5 16. Qh4+ Kc7 17. Nc3 f3 18. Qe7+ Bd7 19. Nd5+ Kb8 20. Qd8+ Bc8 21. Qc7# 1-0

[Event "IECG CN.2000.0.00175"]
[Site "IECG email"]
[Date "2000.02.15"]
[Round "?"]
[White "Ferroni, Claudio"]
[Black "Marshall, Mryn"]
[Result "0-1"]
[WhiteElo "971"]
[BlackElo "800"]
[PlyCount "72"]
[EventDate "2000.02.15"]
[EventType "tourn (corr)"]
[EventRounds "6"]
[SourceTitle "Corr 2008"]
[Source "ChessBase"]
[SourceDate "2008.06.24"]
[SourceVersion "1"]
[SourceVersionDate "2008.06.24"]
[SourceQuality "1"]

1. d4 d5 2. Nc3 Nf6 3. Bg5 Ne4 4. Nxe4 dxe4 5. d5 h6 6. Bf4 g5 7. Bg3 Bg7 8. c3 f5 9. e3 g4 10. h3 h5 11. Qa4+ Bd7 12. Bb5 Bxb5 13. Qxb5+ c6 14. dxc6 Nxc6 15. Qxb7 Na5 16. Qb5+ Kf8 17. Ne2 Rh6 18. Bf4 a6 19. Qxf5+ Rf6 20. Qxh5 Nc4 21. 0-0 gxh3 22. Qxh3 Nxb2 23. Be5 Rh6 24. Qf5+ Kg8 25. Bxg7 Kxg7 26. Qxe4 Rc8 27. Qc2 Nc4 28. Rfd1 Qb6 29. Qb1 Qf6 30. Qb7 Rch8 31. f4 Rh1+ 32. Kf2 Nd6 33. Qxa6 Ne4+ 34. Kf3 Qxa6 35. Kxe4 Qc6+ 36. Ke5 R8h5+ 0-1

[Event "IECG CN.2000.0.00175"]
[Site "IECG email"]
[Date "2000.02.15"]
[Round "?"]
[White "Van Den Broeck, Peter"]
[Black "Marshall, Mryn"]
[Result "1-0"]
[WhiteElo "800"]
[BlackElo "800"]
[PlyCount "133"]
[EventDate "2000.02.15"]
[EventType "tourn (corr)"]
[EventRounds "6"]
[SourceTitle "Corr 2008"]
[Source "ChessBase"]
[SourceDate "2008.06.24"]
[SourceVersion "1"]
[SourceVersionDate "2008.06.24"]
[SourceQuality "1"]

1. e4 e5 2. f4 Nc6 3. Nf3 exf4 4. d4 d5 5. e5 g5 6. Bb5 Bg4 7. 0-0 Qe7 8. Bxc6+ bxc6 9. c3 Qe6 10. Nbd2 Nh6 11. Qb3 Bxf3 12. Nxf3 Be7 13. Qb7 0-0 14. Qxc7 Rfc8 15. Qb7 Rcb8 16. Qa6 c5 17. Qe2 Nf5 18. Kh1 Rc8 19. a3 Qh6 20. Kg1 cxd4 21. cxd4 Rc4 22. Qd3 Bd6 23. Qxf5 Be7 24. Nxg5 Qxg5 25. Qxg5+ Bxg5 26. Bxf4 Bxf4 27. Rxf4 Rac8 28. Raf1 Rc1 29. Rxf7 Rxf1+ 30. Rxf1 Kg7 31. Rf6 Rc4 32. Ra6 Rxd4 33. Rxa7+ Kg6 34. b4 Re4 35. Re7 d4 36. Rd7 h5 37. e6 Kf6 38. e7 Kf7 39. b5 d3 40. Rxd3 Rxe7 41. Rb3 Rb7 42. a4 Ke6 43. a5 Kd5 44. b6 Kc4 45. Rb1 Kc5 46. Kf2 Rf7+ 47. Kg3 Rb7 48. a6 Rxb6 49. Rxb6 Kxb6 50. Kh4 Kxa6 51. Kxh5 Kb7 52. Kg6 Kc8 53. Kg7 Kd7 54. h4 Ke6 55. h5 Kf5 56. h6 Kf4 57. h7 Kg3 58. h8Q Kf2 59. Qf8+ Kg1 60. g4 Kh2 61. Qf3 Kg1 62. Qe2 Kh1 63. Kh6 Kg1 64. Kh5 Kh1 65. Kh4 Kg1 66. Kh3 Kh1 67. Qg2# 1-0

[Event "IECG CN.1999.0.00159"]
[Site "IECG email"]
[Date "1999.11.12"]
[Round "?"]
[White "Marshall, Mryn"]
[Black "Krietsch, Wolfgang"]
[Result "0-1"]
[WhiteElo "800"]
[BlackElo "957"]
[PlyCount "84"]
[EventDate "1999.11.12"]
[EventType "tourn (corr)"]
[EventRounds "6"]
[SourceTitle "Corr 2008"]
[Source "ChessBase"]
[SourceDate "2008.06.24"]
[SourceVersion "1"]
[SourceVersionDate "2008.06.24"]
[SourceQuality "1"]

1. e4 c5 2. c3 Nf6 3. Bc4 Nxe4 4. Qf3 d5 5. d3 Nf6 6. Bb3 Bg4 7. Qf4 Nc6 8. Nf3 e6 9. 0-0 Bd6 10. Qg5 Bxf3 11. gxf3 Ne5 12. Bd1 Nxd3 13. Ba4+ Kf8 14. Be3 Nxb2 15. Bc2 Qa5 16. Bf4 Bxf4 17. Qxf4 Rd8 18. Qe3 Nc4 19. Qe1 d4 20. Bd3 Nb2 21. Qd2 dxc3 22. Nxc3 Nxd3 23. Nb1 Qxd2 24. Nxd2 b5 25. Nb3 c4 26. Nc1 Nf4 27. Rb1 a6 28. Rb4 Rd2 29. a4 N6d5 30. Rb1 Nc3 31. Rb4 Nfd5 32. Rb3 cxb3 33. Nxb3 Rb2 34. Nc5 bxa4 35. Kg2 Ne3+ 36. Kh1 Nxf1 37. Nxa4 Nxa4 38. f4 Ne3 39. h4 Rxf2 40. f5 Nc3 41. fxe6 Ne4 42. h5 Ng3+ 0-1

[Event "IECG CN.1999.0.00159"]
[Site "IECG email"]
[Date "1999.11.12"]
[Round "?"]
[White "Marshall, Mryn"]
[Black "Lambrecht, Carlos Roberto"]
[Result "0-1"]
[WhiteElo "800"]
[BlackElo "704"]
[PlyCount "74"]
[EventDate "1999.11.12"]
[EventType "tourn (corr)"]
[EventRounds "6"]
[SourceTitle "Corr 2008"]
[Source "ChessBase"]
[SourceDate "2008.06.24"]
[SourceVersion "1"]
[SourceVersionDate "2008.06.24"]
[SourceQuality "1"]

1. e4 e5 2. a3 Nf6 3. b4 Nxe4 4. Qf3 Ng5 5. Qb3 Nc6 6. Nf3 Nxf3+ 7. Qxf3 Nd4 8. Qe4 d6 9. c3 Bf5 10. Qxb7 Nc2+ 11. Kd1 Nxa1 12. d3 Qb8 13. Qc6+ Bd7 14. Qe4 Nb3 15. f4 Ba4 16. Ke1 Nxc1 17. fxe5 Qc8 18. exd6+ Qe6 19. Qxe6+ fxe6 20. Kd2 Nb3+ 21. Ke2 Bxd6 22. Kf2 0-0+ 23. Ke1 Bf4 24. d4 Na1 25. Nd2 Nc2+ 26. Ke2 Nxa3 27. g3 Bb5+ 28. c4 Bxd2 29. Kxd2 Rf2+ 30. Ke1 Raf8 31. cxb5 Nc2+ 32. Kd1 Ne3+ 33. Ke1 Nxf1 34. h4 Ne3 35. Rh3 Ra2 36. Rh1 Rff2 37. Rf1 Rxf1# 0-1